[Event "Visakhapatnam op"]
[Site "Visakhapatnam"]
[Date "2012.10.26"]
[Round "1"]
[White "Laxman, Rajaram"]
[Black "Rajeev, VM."]
[Result "1-0"]
[WhiteElo "2474"]
[BlackElo "1767"]
[PlyCount "67"]
[EventDate "2012.10.26"]
[EventType "swiss"]
[EventRounds "11"]
[EventCountry "IND"]
[SourceTitle "EXT 2013"]
[Source "ChessBase"]
[SourceDate "2012.11.22"]
[SourceVersion "1"]
[SourceVersionDate "2012.11.22"]
[SourceQuality "1"]

1. Nf3 Nf6 2. c4 g6 3. Nc3 Bg7 4. e4 d6 5. d4 0-0 6. Be2 Nbd7 7. 0-0 e5 8. Re1 Re8 9. d5 Nc5 10. Bf1 a5 11. Rb1 Rf8 12. Nd2 Ne8 13. b3 f5 14. a3 f4 15. b4 axb4 16. axb4 Nd7 17. Nb3 Ndf6 18. c5 g5 19. Bd2 g4 20. g3 Nh5 21. Qe2 Bh6 22. Ra1 Rxa1 23. Rxa1 Qf6 24. Ra8 Neg7 25. Nb5 Qd8 26. Na7 Qd7 27. Qb5 Nf6 28. Rxc8 Rxc8 29. Qxd7 Nxd7 30. Nxc8 dxc5 31. Nxc5 Nxc5 32. bxc5 Kf8 33. Bc3 fxg3 34. hxg3 1-0

[Event "Mumbai Mayors Cup 3rd"]
[Site "Mumbai"]
[Date "2010.06.02"]
[Round "1"]
[White "Simonian, Hrair"]
[Black "Rajeev, VM."]
[Result "1-0"]
[WhiteElo "2521"]
[BlackElo "1802"]
[PlyCount "97"]
[EventDate "2010.06.02"]
[EventType "swiss"]
[EventRounds "11"]
[EventCountry "IND"]
[SourceTitle "CBM 136 Extra"]
[Source "ChessBase"]
[SourceDate "2010.07.02"]
[SourceVersion "2"]
[SourceVersionDate "2010.07.15"]
[SourceQuality "1"]

1. e4 c5 2. Nc3 Nc6 3. Bb5 Nd4 4. Bc4 a6 5. Nge2 e5 6. Nxd4 exd4 7. Qh5 Nh6 8. Nd5 d6 9. d3 Bg4 10. Qg5 Be6 11. Qg3 Ng4 12. h3 Ne5 13. Bb3 Ng6 14. Bg5 f6 15. Bd2 Bf7 16. 0-0 Be7 17. f4 Bf8 18. Rae1 Bxd5 19. Bxd5 Qd7 20. Bb3 Ne7 21. e5 d5 22. exf6 gxf6 23. Qh4 0-0-0 24. Ba5 Re8 25. Qxf6 Rg8 26. Qb6 Rg6 27. Qxc5+ Nc6 28. Qxd5 Nxa5 29. Rxe8+ Qxe8 30. Qxa5 Qe3+ 31. Kh1 Bd6 32. Qf5+ Kb8 33. Qe4 Qg3 34. Qf3 Qh4 35. Qf2 Qh6 36. Qxd4 Rf6 37. f5 Qg5 38. Rf3 Qc1+ 39. Qg1 Qxb2 40. d4 Qa3 41. Be6 Qa4 42. c4 b6 43. Rb3 Kc7 44. c5 bxc5 45. dxc5 Be5 46. c6 Qf4 47. Qb6+ Kd6 48. Qd8+ Kc5 49. Qd5# 1-0

[Event "Chennai op 2nd"]
[Site "Chennai"]
[Date "2010.01.25"]
[Round "1"]
[White "Saptarshi, Roy Chowdhury"]
[Black "Rajeev, VM."]
[Result "0-1"]
[WhiteElo "2407"]
[BlackElo "1821"]
[PlyCount "59"]
[EventDate "2010.01.25"]
[EventType "swiss"]
[EventRounds "11"]
[EventCountry "IND"]
[SourceTitle "CBM 134 Extra"]
[Source "ChessBase"]
[SourceDate "2010.03.03"]
[SourceVersion "1"]
[SourceVersionDate "2010.03.03"]
[SourceQuality "1"]

1. e4 c5 2. Nf3 Nc6 3. Bc4 e5 4. d3 d6 5. Ng5 Nh6 6. Nc3 g6 7. h4 Bg7 8. Bd2 a6 9. a4 Nd4 10. Ne2 Be6 11. Nxe6 Nxe6 12. Nc3 Ng8 13. h5 Ne7 14. a5 Qc7 15. Bxe6 fxe6 16. Qg4 Kd7 17. Nd5 Nxd5 18. exd5 Rae8 19. hxg6 hxg6 20. 0-0-0 Qd8 21. Rh3 Qe7 22. Rdh1 Kc7 23. Bh6 Bf6 24. dxe6 Qxe6 25. Qxe6 Rxe6 26. Be3 Rg8 27. Rg3 Kc6 28. Rh7 Bd8 29. Rgh3 Bxa5 30. Rh8 0-1

[Event "New Delhi Parsvnath op 7th"]
[Site "New Delhi"]
[Date "2009.01.11"]
[Round "1"]
[White "Sriram, Jha"]
[Black "Rajeev, VM."]
[Result "1-0"]
[WhiteElo "2442"]
[BlackElo "1848"]
[PlyCount "49"]
[EventDate "2009.01.11"]
[EventType "swiss"]
[EventRounds "10"]
[EventCountry "IND"]
[SourceTitle "CBM 128 Extra"]
[Source "ChessBase"]
[SourceDate "2009.03.05"]
[SourceVersion "2"]
[SourceVersionDate "2009.03.25"]
[SourceQuality "1"]

1. d4 Nf6 2. c4 g6 3. Nc3 Bg7 4. e4 d6 5. f3 0-0 6. Be3 Nbd7 7. Nge2 e5 8. Qd2 exd4 9. Nxd4 Ne5 10. Be2 a6 11. 0-0 c5 12. Nc2 Be6 13. b3 Qa5 14. Rfd1 Rfd8 15. Na4 Qc7 16. Bh6 Bh8 17. Bg5 Rab8 18. Nc3 Qc6 19. Ne3 Rd7 20. Bxf6 Bxf6 21. f4 Nxc4 22. Bxc4 Bxc3 23. Qxc3 Qxe4 24. Bxe6 fxe6 25. Ng4 1-0

[Event "Mumbai Mayors Cup 1st"]
[Site "Mumbai"]
[Date "2008.05.15"]
[Round "6"]
[White "Viani, Antonio Dcunha"]
[Black "Rajeev, VM."]
[Result "1-0"]
[WhiteElo "2127"]
[BlackElo "1877"]
[PlyCount "79"]
[EventDate "2008.05.11"]
[EventType "swiss"]
[EventRounds "11"]
[EventCountry "IND"]
[SourceTitle "CBM 124 Extra"]
[Source "ChessBase"]
[SourceDate "2008.07.03"]
[SourceVersion "1"]
[SourceVersionDate "2008.07.03"]
[SourceQuality "1"]

1. e4 c5 2. Nc3 g6 3. f4 Bg7 4. Nf3 e6 5. Bc4 Nc6 6. f5 Nge7 7. fxe6 fxe6 8. d3 0-0 9. 0-0 h6 10. Qe1 Na5 11. Qh4 d5 12. Bg5 Rxf3 13. Bxe7 Bd4+ 14. Kh1 Rxf1+ 15. Rxf1 g5 16. Qxh6 Qxe7 17. Qg6+ Kh8 18. Nxd5 Qg7 19. Qe8+ Kh7 20. Rf7 exd5 21. Rxg7+ Bxg7 22. Bxd5 a6 23. e5 g4 24. Qg8+ Kh6 25. Be4 Bf5 26. Qxa8 Bxe4 27. dxe4 Bxe5 28. Qd8 Nc6 29. Qh4+ Kg6 30. Qxg4+ Kf6 31. Qd7 Nd4 32. Qxb7 a5 33. Qb6+ Ne6 34. Qxa5 Bxb2 35. a4 Bd4 36. Qb5 Ke5 37. a5 Kxe4 38. a6 Nc7 39. Qc6+ Nd5 40. a7 1-0